000
00221 a2200097 4500
001
779
100
_a
Walston,J.A
245
_a
Transitor circuit design services text book
260
_a
_b
Mcgrawhill
_c
090
_c
372
_d
372
942
_a
NUST-CAE
_c
M
_c
29956
999
_c
235852
_d
235852